000 01057nam a22002777a 4500
001 0000003881
003 PPM
005 20260304092634.0
008 260304b ||||| |||| 00| 0 eng d
020 _a9679933776
_cRM 40.00
_qPaperback
035 _a0000003881
040 _bEng
_cPusat Penyelidikan Mineral, Jabatan Mineral Dan Geosains Malaysia
_dPPM
_erda
082 0 4 _222
_a320.9595
_bGOO 2000
245 0 0 _aGood Governance : Issues And Challenges /
_cedited by Samsudin Osman, Zulkurnain Awang, Sarojini Naidu
260 1 _aKuala Lumpur :
_bNational Institute of Public Administration (INTAN) ,
_c2000
300 0 0 _axxi, 286p.:
_billustrations .;
_c23 cm
504 _aIncludes bibliographical references (p.: 286 )
650 1 0 _aLocal government
_zMalaysia
650 2 0 _aPublic administration
_zMalaysia
650 2 0 _aCivil society
_zMalaysia
651 0 _aMalaysia
_xPolitics and government
700 1 _aSamsudin Osman
_eeditor
700 1 _aZulkurnain Hj. Awang,
_d1950-
_eeditor
700 1 _aSarojini Naidu
_eeditor
942 _2ddc
_cBK
999 _c27160
_d27160